• 首页
  • 本馆介绍
  • 公告通知
  • 最新文献
  • 馆藏检索
  • 电子资源
  • 读者导购
  • 参考咨询
  • 我的图书馆
  • 登录
  • 详细信息显示
  • 放入我的书架
  • 预约/预借图书
  • 作者相关作品
  • 分类相关作品
  • 丛书相关作品
  • 出版社相关作品

书目信息

  • 表格格式
  • 工作单格式
  • 卡片格式
题名:
经济增长理论
    
 
作者: 多马 , Donar 著 ;郭家麟 译
分册:  
出版信息: 北京   商务印书馆  1983
页数: 267页
开本: 21cm
丛书名:
单 册:
中图分类: F037
科图分类:
主题词: 增长经济学 , 资本主义社会--生产方式
电子资源:
ISBN:
000 00874nam0 2200301 45
001 0183003128
005 20040421144540.4
010    @dCNY1.10
091    @a4017.280
100    @a19950720d1983 em y0chiy0121 ea
101 1  @achi@ceng
102    @aCN@b110000
105    @ay z 000yy
106    @ar
200 10 @a经济增长理论@Ajing ji zeng zhang li lun@f(美)多马(E.D.Donar)著@g郭家麟译
210    @a北京@c商务印书馆@d1983
215    @a267页@d21cm
300    @a书名原文:Essays in the theory of economic growth
510 1  @aEssays in the theory of economic growth@zeng
606    @a增长经济学
606 0  @a资本主义社会@x生产方式
690    @aF037
701  1 @a多马@Aduo ma@bE.D.@4著
701 A1 @aDonar@bE.D.@4著
702  0 @a郭家麟@Aguo jia lin@4译
801  0 @aCN@b上海图书馆@c20040421
801  2 @aCN@bNLC@c20040421
905    @f2@b98609-610@dF037@e18
    
    经济增长理论/(美)多马(E.D.Donar)著/郭家麟译.-北京:商务印书馆,1983
    267页;21cm
    书名原文:Essays in the theory of economic growth
    
    ISBN :CNY1.10
    
●
相关链接 在E读中查询图书 在五车中查询图书 在当当中查询图书 在豆瓣中查询图书


正题名:经济增长理论     索取号:F037/18         预约/预借

序号 登录号 条形码 馆藏地/架位号 状态 备注
1 0098609   001270172   第一借阅区/ [索取号:F037/18] 在馆    
2 0098610   001270154   密集书库/ [索取号:F037/18] 在馆    
3 0098611   001270163   第一样本阅览室/ [索取号:F037/18] 在馆    
唐山师范学院图书馆 欢迎您!
大连网信软件有限公司© 版权所有